Alle Bahnhaltestellen in Schleswig-Holstein - Statistiken

Allgemein
  • Dieses Quiz wurde 75 mal gespielt
    23 seit der letzten Aktualisierung
  • Das Durchschnittsergebnis liegt bei 39 aus 176
Antwortstatistiken
Hint Antwort % Korrekt
RE 7, RE 70, RE 72, RE 74, RE 83, RB 73, RB 75, RB 76, RB 84 Kiel Hauptbahnhof
89%
RE 7, RE 72 Flensburg
83%
RE 4, RE 8, RE 80, RE 83, RB 84, RB 85 Lübeck Hauptbahnhof
83%
RE 7, RE 70, RB 63, RB 82, A2 Neumünster
83%
RE 8, RE 80, RB 81, RB 82 Bad Oldesloe
78%
RB 82 Bad Segeberg
78%
RB 61, RB 71, S3 Pinneberg
78%
RE 6, RE 74, RB 64 Husum
67%
RE 7, RE 74 Schleswig
67%
RE 6, RB 62, RB 63 Heide
61%
RE 7, RE 74, RB 75 Rendsburg
61%
RE 6, RE 7, RE 70, RB 61, RB 71, A3 Elmshorn
56%
RE 83, RB 84 Plön
56%
RE 6 Westerland
56%
RE 80, RB 81 Ahrensburg
50%
A2 Bad Bramstedt
50%
RE 72, RB 73 Eckernförde
50%
RE 6, RB 61, RB 62 Itzehoe
50%
A2 Kaltenkirchen
50%
RE 6, RB 65, RB 66 Niebüll
50%
A1 Quickborn
50%
S1 Wedel
50%
RB 61 Glückstadt
44%
RE 83 Lauenburg
44%
RE 83 Mölln
44%
A2 Norderstedt Mitte
44%
A3 Barmstedt
39%
RB 63 Büsum
39%
S3 Halstenbek
39%
A2, A3 Henstedt-Ulzburg
39%
A2 Moorbekhalle
39%
RE 83 Ratzeburg
39%
S2 Reinbek
39%
A1 Bönningstedt
33%
RE 7, RE 70 Bordesholm
33%
RE 6 Bredstedt
33%
RB 62 Burg
33%
RE 7 Flintbek
33%
A1 Hasloh
33%
RB 82, A2 Neumünster Süd
33%
RB 61, RB 71 Tornesch
33%
A1, A2, A3 Ulzburg Süd
33%
RE 70, RB 71 Wrist
33%
A3 Alveslohe
28%
S2 Aumühle
28%
A2 Bad Bramstedt Kurhaus
28%
RE 83, RB 84, RB 85 Bad Schwartau
28%
RB 81 Bargteheide
28%
A3 Barmstedt Brunnenstraße
28%
A2 Boostedt
28%
RE 1, RE 83 Büchen
28%
A2 dodenhof
28%
RE 7 Einfeld
28%
RE 83, RB 84 Eutin
28%
A2 Friedrichsgabe
28%
A2 Großenaspe
28%
A2 Holstentherme
28%
RE 7, RE 74 Jübek
28%
A2 Kaltenkirchen Süd
28%
S3 Krupunder
28%
RB 85 Neustadt
28%
A2 Nützen
28%
RE 7, RE 74 Owschlag
28%
A2 Quickborner Straße
28%
A1 Quickborn Süd
28%
RE 8, RE 80 Reinfeld
28%
RE 7 Tarp
28%
A2 Wiemersdorf
28%
A1 Ellerau
22%
RE 72, RB 73 Gettorf
22%
A2 Haslohfurth
22%
RB 71 Horst
22%
A2 Lentföhrden
22%
RE 8, RE 80 Lübeck-Moisling
22%
A2 Meeschensee
22%
RE 7 Nortorf
22%
RE 1 Schwarzenbek
22%
S3 Thesdorf
22%
RB 85 Timmendorfer Strand
22%
S2 Wohltorf
22%
A3 Bokholt
17%
RE 70 Brokstedt
17%
RB 71 Dauenhof
17%
RE 74, RB 75 Felde
17%
RE 6 Friedrichstadt
17%
RE 6 Keitum
17%
RB 76 Kiel-Oppendorf
17%
RE 72, RB 73 Kiel-Suchsdorf
17%
RB 61 Krempe
17%
RB 61 Kremperheide
17%
RB 81 Kupfermühle
17%
A3 Langenmoor
17%
RE 4 Lübeck-St. Jürgen
17%
RE 6 Lunden
17%
RE 83, RB 84 Preetz
17%
A3 Sparrieshoop
17%
A1 Tanneneck
17%
A3 Voßloch
17%
RB 82 Wahlstedt
17%
RB 81 Ahrensburg-Gartenholz
11%
RB 82 Altengörs
11%
RE 83, RB 84 Ascheberg
11%
RB 63 Aukrug
11%
RB 65 Dagebüll Kirche
11%
RB 65 Dagebüll Mole
11%
RB 65 Deezbüll
11%
RB 63 Hademarschen
11%
RB 61 Herzhorn
11%
RB 84 Kiel-Elmschenhagen
11%
RB 75 Kiel-Russee
11%
RB 76 Kiel Schulen am Langsee
11%
RE 6 Klanxbüll
11%
RB 73 Kronshagen
11%
A3 Langeln
11%
RE 6 Langenhorn
11%
RB 62 Meldorf
11%
RE 6 Morsum
11%
RE 1 Müssen
11%
RB 63 Neumünster Stadtwald
11%
RB 61, RB 71 Prisdorf
11%
RE 72 Rieseby
11%
RB 85 Scharbeutz
11%
RB 62 St. Michaelisdonn
11%
RB 66 Süderlügum
11%
RB 62 Wilster
11%
RB 75 Achterwehr
6%
RB 63 Albersdorf
6%
RE 83, RB 84 Bad Malente-Gremsmühlen
6%
RB 63 Beldorf
6%
RB 63 Beringstedt
6%
RB 75 Bredenbek
6%
RB 82 Fahrenkrug
6%
RB 82 Fresenburg
6%
RB 63 Gokels
6%
RB 63 Hohenwestedt
6%
RE 72 Husby
6%
RB 63 Jarrenwisch
6%
RB 76 Kiel-Ellerbek
6%
RB 73, RB 75 Kiel Hassee CITTI-Park
6%
RE 8 Lübeck-Travemünde Strand
6%
RB 65 Maasbüll
6%
RB 75 Melsdorf
6%
RB 63 Nordhastedt
6%
RB 63 Osterstedt
6%
RB 84 Pansdorf
6%
RB 84 Pönitz
6%
RE 83, RB 84 Raisdorf
6%
RB 63 Reinsbüttel
6%
RB 82 Rickling
6%
RB 85 Sierksdorf
6%
RE 72 Sörup
6%
RB 63 Süderdeich
6%
RB 63 Tiebensee
6%
RB 82 Wakendorf
6%
RB 63 Wasbek
6%
RB 63 Wesselburen
6%
RB 64 Bad St. Peter-Ording
0%
RB 64 Bad St-Peter Süd
0%
RB 64 Garding
0%
RB 85 Haffkrug
0%
RB 64 Harblek
0%
RB 64 Katharinenheerd
0%
RB 64 Kating
0%
RE 8 Lübeck-Dänischburg IKEA
0%
RE 83 Lübeck Flughafen
0%
RE 83 Lübeck Hochschulstadtteil
0%
RE 8 Lübeck-Kücknitz
0%
RE 8 Lübeck-Travemünde Hafen
0%
RE 8 Lübeck-Travemünde Skandinavienkai
0%
RB 64 Sandwehle
0%
RB 75 Schülldorf
0%
RE 72 Süderbrarup
0%
RB 64 Tating
0%
RB 64 Tönning
0%
RB 66 Uphusum
0%
RB 64 Witzwort
0%
Keine übereinstimmenden Quizze gefunden
Verteilung der Resultate
Anzahl Personen mit jedem Resultat
Perzentil nach korrekt beantworteten Fragen
Ihre Resultats-Entwicklung
Sie haben dieses Quiz seit der letzten Aktualisierung nicht gespielt